| 000 | 00919nam a2200265 i 4500 | ||
|---|---|---|---|
| 001 | 172439 | ||
| 003 | ES-MaACL | ||
| 005 | 20251110063234.0 | ||
| 008 | 090707s1926 fr a |||| | fre d | ||
| 080 | _a7(493.21 B.) | ||
| 080 | _a908(493.21 B.) | ||
| 100 | 1 |
_aHymans, Henri, _d1836-1912 _964882 |
|
| 245 | 1 | 0 |
_aBruxelles / _cpar Henri Hymans. |
| 250 |
_a10e éd. _brev. et complétée par Fernand Donnet. |
||
| 260 |
_aParis : _bLibrairie Renouard, H. Laurens, éd., _c1926. |
||
| 300 |
_a177 p. : _bil., grab. ; _c26 cm. |
||
| 490 | 1 | _aLes villes d'art célèbres | |
| 599 | _aObra decorada con 139 grabados. | ||
| 650 | 7 |
_aArte belga _2embne _9162168 |
|
| 651 | 4 |
_aBruselas- _xDescripción. _9140971 |
|
| 700 | 1 |
_aDonnet, Fernand. _9140973 |
|
| 830 | 0 |
_aLes villes d'art célèbres _9181445 |
|
| 852 | 4 |
_aES-MaACL _jE-12754 _z. - Biblioteca Jacinto Martínez Lacalle |
|
| 999 |
_c172439 _d172439 |
||